| 000 | 00384cam a2200157ua 4500 | ||
|---|---|---|---|
| 041 |
_aeng _h |
||
| 082 |
_a822 _bSHE/JO |
||
| 100 | _aSherriff, R C . | ||
| 245 |
_aJourney`s end / _cR C Sherriff. _hTextual Documents |
||
| 250 |
_a1 / _b. |
||
| 260 |
_aLondon : _bHeinemann Educational Books Ltd. , _c1965. |
||
| 300 | _a108 ; . | ||
| 504 | _a | ||
| 942 | _cBK | ||
| 999 |
_c7855 _d7855 |
||